000 00736nam a2200229Ia 4500
001 16028
003 GE_BSU
008 181216s||||||||xx |||||||||||||| ||und||
040 _cGE_BSU
080 _a821.353.1-1
100 _aჯიშკარიანი, ეთერ
245 _aჩემი მზითევი
245 _bლექსები
245 _cრედ.ირ.არაბული.. მხატვ.კ.თევზაძე
260 _aთბილისი, ქუთაისი
260 _bსაბჭ. საქართველო
260 _c1975
300 _a91 გვ. ; 20 სმ.
653 _aლექსები
653 _aჩემი მზითევი
942 _cBK
999 _c49119
_d49119